The Environment and health

Bibliographic Details
Main Author: Ward, Brian R
Format: Book
Published: London : Franklin Watts , 1989
Series:Life Guides
Subjects:

MARC

LEADER 00000cam a2200000 7i4500
001 0000005653
002 000006111
005 20000330.0
020 |a 0863137318 
090 0 0 |a J 613   |b LIF 
100 1 |a Ward, Brian R 
245 1 4 |a The Environment and health   |c Brian R Ward 
260 |a London :   |b Franklin Watts ,   |c 1989 
300 |a 48p. :   |b ill. ;   |c 22cm. 
490 0 |a Life Guides 
650 0 0 |a Environment   |x Juvenile literature 
999 |a 016109   |b BUKU   |c PINJAMAN   |e PERPUSTAKAAN KOMUNITI PETALING JAYA